00483nam a2200157Ia 4500008004100000020001800041082001400059100004200073245006000115250000800175260005000183300002600233500001900259600002700278650002000305240925s9999 xx 000 0 und d a9789332519084 a519.5 WAL aWalpole ,Ronald E.; Raymond Myers - 0aProbability and Statistics for Engineers and Scientists a9th aUttar Pradesh:bPearson Education Incc,2016. axi,240p.b0fOriginal aIncludes Index aEngineering Technology aNatural Science